Normal view
MARC view
- Kenneth,L.B.
Entry Personal Name
001 - CONTROL NUMBER
- control field: 5902
003 - CONTROL NUMBER IDENTIFIER
- control field: OSt
005 - DATE AND TIME OF LATEST TRANSACTION
- control field: 20180208095028.0
008 - FIXED-LENGTH DATA ELEMENTS
- fixed length control field: 180208|| aca||aabn | a|a d
040 ## - CATALOGING SOURCE
- Original cataloging agency: OSt
- Transcribing agency: OSt
100 ## - HEADING--PERSONAL NAME
- Personal name: Kenneth,L.B.
670 ## - SOURCE DATA FOUND
- Source citation: Work cat.: (OSt): Kenneth,L.B., Bontragers Handbook of Radiographic Positioning Techniques, 2010